000
00235nam a22001217a 4500
999
_c
160239
_d
160239
082
_a
_b
100
_a
Vyas
245
_a
The saura puranam/
_c
by Vyas.
260
_a
Delhi:
_b
Nag,
_c
1986.
600
_a
650
_a
942
_c
BK